| 000 -Etiqueta do registo | |
|---|---|
| campo de controlo de comprimento fixo | 008080000a22002530004500 |
| 001 - Identificador do registo | |
| Campo de controlo | 52441 |
| 010 ## - ISBN | |
| Número (ISBN) | 972-8101-87-2 |
| 021 ## - Nº depósito legal | |
| Código do país | Portugal |
| Número | 239010/06 |
| 100 ## - Dados Gerais de Proc. | |
| Dados gerais de processamento | 20170315d2017 k y0pory5003 ba |
| 101 0# - Língua da publicação | |
| Língua do texto, banda sonora, etc. | Inglês |
| 102 ## - País de Publicação | |
| País de publicação | Portugal |
| 200 1# - Título | |
| Título próprio | A scandal in Bohemia |
| Primeira menção de responsabilidade | Arthur Conan Doyle |
| Outras menções de responsabilidade | adapt. Richard Trewinnard |
| -- | il. Richard Ferrand |
| 210 ## - Publicação, Distribuição | |
| Lugar da edição, distribuição, etc. | Lisboa |
| Nome do editor, distribuidor, etc. | A Folha Cultural |
| Data da publicação, distribuição, etc. | 2006 |
| 215 ## - Descrição física | |
| Descrição física | 31 p. |
| Outras indicações físicas | il. |
| 606 ## - Nome comum | |
| Koha Internal code | 2117 |
| Elemento de entrada | Literatura inglesa |
| Subdivisão de assunto | Conto |
| 675 ## - CDU | |
| Notação | 821.111-93 |
| Edição | BN |
| Língua da edição | Português |
| 675 ## - CDU | |
| Notação | 821.111-34 |
| Edição | BN |
| Língua da edição | Português |
| 700 #1 - Responsabilidade principal | |
| Koha Internal Code | 17661 |
| Palavra de ordem | Doyle |
| Outra parte do nome | Arthur Conan |
| Datas | 1859-1930 |
| 702 #1 - Responsabilidade secundária | |
| Koha Internal Code | 45768 |
| Código de função | Adaptador |
| Palavra de ordem | Trewinnard |
| Outra parte do nome | Richard |
| 702 ## - Responsabilidade secundária | |
| Koha Internal Code | 19280 |
| Código de função | Ilustrador |
| Palavra de ordem | Ferrand |
| Outra parte do nome | Ricardo |
| 801 ## - Fonte de origem | |
| País | Portugal |
| Data da última transacção | 20170315 |
| 090 ## - Números de controlo do sistema (Koha) | |
| Número biblioitem do Koha (gerado automaticamente) | 52441 |
| 942 ## - Elementos de entrada adicionados (Koha) | |
| Tipo de item no Koha | Monografias |
| Suprimido | Disponível no OPAC |
| 999 ## - Campo local | |
| Campo local | 52441 |
| Perdido (estado) | Data de aquisição | Origem do registo (biblioteca) (codificado) | Código da organização que empresta ou é detentora (biblioteca) | Código de barras | Cota | Tipo de circulação (não pode ser emprestado) | Tipo de item e material |
|---|---|---|---|---|---|---|---|
| Disponível | 2017-03-15 | Biblioteca EB23 D. Paio Peres Correia | Biblioteca EB23 D. Paio Peres Correia | BEBDPPC8371 | 82.01(Ing) DOY | Normal | Monografias |